[Event "Uljanovsk Privolje op"]
[Site "Uljanovsk"]
[Date "2009.02.05"]
[Round "9"]
[White "Gabdushev, Ruslan"]
[Black "Belousov, Aleksandr"]
[Result "1-0"]
[WhiteElo "2336"]
[BlackElo "2218"]
[PlyCount "49"]
[EventDate "2009.01.31"]
[EventType "swiss"]
[EventRounds "9"]
[EventCountry "RUS"]
[SourceTitle "EXT 2022"]
[Source "ChessBase"]
[SourceDate "2021.10.06"]
[SourceVersion "1"]
[SourceVersionDate "2021.10.06"]
[SourceQuality "1"]

1. g3 e5 2. c4 Nc6 3. Nc3 f5 4. Bg2 Nf6 5. d3 Bb4 6. Bd2 0-0 7. a3 Bxc3 8. Bxc3 d6 9. b4 Qe8 10. b5 Nd8 11. a4 c5 12. bxc6 bxc6 13. Nf3 Rb8 14. Nd2 d5 15. cxd5 cxd5 16. Rb1 Rxb1 17. Qxb1 d4 18. Bb4 Rf7 19. Nc4 Qe6 20. Nd6 Rc7 21. 0-0 Nd5 22. Rc1 Rxc1+ 23. Qxc1 Nxb4 24. Nxc8 Ndc6 25. Bxc6 1-0

[Event "Uljanovsk op"]
[Site "Uljanovsk"]
[Date "2008.02.05"]
[Round "7"]
[White "Kashicin, Alexander"]
[Black "Belousov, Aleksandr"]
[Result "0-1"]
[WhiteElo "1928"]
[BlackElo "2226"]
[PlyCount "86"]
[EventDate "2008.02.01"]
[EventType "swiss"]
[EventRounds "9"]
[EventCountry "RUS"]
[SourceTitle "EXT 2009"]
[Source "ChessBase"]
[SourceDate "2008.11.26"]
[SourceVersion "1"]
[SourceVersionDate "2008.11.26"]
[SourceQuality "1"]

1. d4 g6 2. Nf3 Bg7 3. c3 Nf6 4. Bf4 0-0 5. e3 d6 6. Bd3 Nbd7 7. 0-0 Re8 8. Bg3 e5 9. dxe5 dxe5 10. Bc4 Qe7 11. Ng5 Rf8 12. Nf3 h6 13. h3 Ne4 14. Bh2 Nd6 15. Bb3 Nc5 16. Bc2 Bf5 17. Nbd2 Rad8 18. Bxf5 Nxf5 19. Qc2 e4 20. Nd4 Nd6 21. Rad1 Rfe8 22. b4 Nd7 23. Bxd6 cxd6 24. Qb3 Kh7 25. Nc4 d5 26. Nb2 Ne5 27. c4 dxc4 28. Nxc4 Nd3 29. Ne2 Rc8 30. Nd2 f5 31. Nb1 b5 32. a3 Rc4 33. Nc1 Nxc1 34. Qxc4 bxc4 35. Rxc1 Rc8 36. Nc3 Rd8 37. Na4 Qf7 38. g3 a5 39. Kg2 axb4 40. axb4 Rb8 41. Rb1 c3 42. Rfc1 Qa2 43. Ra1 Qb3 0-1

[Event "Uljanovsk op"]
[Site "Uljanovsk"]
[Date "2008.02.03"]
[Round "4"]
[White "Belousov, Aleksandr"]
[Black "Rodchenkov, Sergey D"]
[Result "0-1"]
[WhiteElo "2226"]
[BlackElo "2361"]
[PlyCount "66"]
[EventDate "2008.02.01"]
[EventType "swiss"]
[EventRounds "9"]
[EventCountry "RUS"]
[SourceTitle "EXT 2009"]
[Source "ChessBase"]
[SourceDate "2008.11.26"]
[SourceVersion "1"]
[SourceVersionDate "2008.11.26"]
[SourceQuality "1"]

1. Nf3 Nf6 2. c4 e6 3. e3 d5 4. b3 c5 5. d4 cxd4 6. exd4 Bb4+ 7. Bd2 Be7 8. c5 0-0 9. Nc3 Nc6 10. Bb5 Nxd4 11. Nxd4 Bxc5 12. Nf3 e5 13. 0-0 e4 14. Ne1 a6 15. Be2 d4 16. Na4 Ba7 17. Bg5 b5 18. Nb2 h6 19. Bh4 g5 20. Bg3 Nd5 21. a4 f5 22. axb5 f4 23. bxa6 fxg3 24. hxg3 d3 25. Nexd3 Nc3 26. Qc2 Nxe2+ 27. Qxe2 exd3 28. Nxd3 Qd5 29. Nb4 Qd6 30. Qe4 Bf5 31. Qc4+ Be6 32. Qe4 Bxb3 33. Ra3 Qe6 0-1

[Event "Uljanovsk op"]
[Site "Uljanovsk"]
[Date "2008.02.02"]
[Round "3"]
[White "Rudnev, Yuri"]
[Black "Belousov, Aleksandr"]
[Result "0-1"]
[WhiteElo "2187"]
[BlackElo "2226"]
[PlyCount "49"]
[EventDate "2008.02.01"]
[EventType "swiss"]
[EventRounds "9"]
[EventCountry "RUS"]
[SourceTitle "EXT 2009"]
[Source "ChessBase"]
[SourceDate "2008.11.26"]
[SourceVersion "1"]
[SourceVersionDate "2008.11.26"]
[SourceQuality "1"]

1. e4 c5 2. Nf3 e6 3. d4 cxd4 4. Nxd4 Bc5 5. Nb3 Bb6 6. Nc3 Ne7 7. Bf4 d5 8. exd5 exd5 9. Qd2 Be6 10. 0-0-0 Nbc6 11. f3 0-0 12. Kb1 a5 13. Nb5 a4 14. N3d4 Nxd4 15. Nxd4 Nc6 16. Be3 Ba5 17. Qf2 a3 18. Nxc6 bxc6 19. b3 Bc3 20. Bd4 Bxd4 21. Qxd4 Qa5 22. Qd2 Qb6 23. Rc1 c5 24. c4 Rfd8 25. Qf2 0-1